banner koha

Flora of Espírito Santo: Lacistemataceae (Registro n. 340070)

MARC details
000 -LÍDER
fixed length control field 02758nab a2200265 i 4500
003 - CÓDIGO MARC DA AGÊNCIA CATALOGADORA
Campo de controle BR-BrBNA
005 - DATA E HORA DA ÚLTIMA ATUALIZAÇÃO
Campo de controle 20260213104210.0
008 - CAMPO DE TAMANHO FIXO
fixed length control field 260213b2025 bl.ar|pooa||| 00| 0 eng |
040 ## - FONTE DA CATALOGAÇÃO
Agência catalogadora BR-BrBNA
Idioma da catalogação eng
072 ## - CATEGORIA AGRIS
Código AGRIS F70
100 ## - ENTRADA PRINCIPAL - NOME PESSOAL
Nome pessoal Carvalho, Camilla Diniz de
100 ## - ENTRADA PRINCIPAL - NOME PESSOAL
Nome pessoal Almeida, Rita Milena Moura
100 ## - ENTRADA PRINCIPAL - NOME PESSOAL
Nome pessoal Marinho, Lucas Cardoso
245 ## - TÍTULO PRINCIPAL
Título principal Flora of Espírito Santo: Lacistemataceae
500 ## - NOTA GERAL
Nota geral Publicação on-line; 27 ref.; 3 illus.; Summaries (En, Pt)
942 ## - ADDED ENTRY ELEMENTS (KOHA)
Koha item type Analítica
520 ## - NOTA DE RESUMO
Nota de conteúdo <br/><br/>Abstract<br/><br/>Lacistemataceae can be found throughout the humid forests of Brazil. The most<br/>relevant characters for the identification of this family are the alternate leaves,<br/>presence of stipules, axillary inflorescences, flowers that are minute without sepals<br/>and only one stamen attached to a nectariferous disk. This study was carried out<br/>in the context of the ongoing “Flora do Espírito Santo” project, which aims to<br/>publish monographs of botanical families occurring in the Brazilian state of Espírito<br/>Santo. Herein, we provide updated morphological descriptions for the two species<br/>of Lacistemataceae occurring in the state: Lacistema robustum and L. serrulatum,<br/>the latter being a new record for the state. We also provide illustrations, a map<br/>of occurrence records and an identification key.<br/><br/>Key words:<br/>• Atlantic Forest<br/>• Lacistema<br/>• Malpighiales<br/><br/><br/><br/><br/><br/><br/>Resumo<br/><br/>Lacistemataceae pode ser encontrada ao longo das florestas úmidas do Brasil. Os<br/>caracteres mais relevantes para a identificação da família são as folhas alternas,<br/>presença de estípulas, inflorescências axilares, flores diminutas sem sépalas e<br/>apenas um estame aderido a um disco nectarífero. Este estudo foi realizado no<br/>contexto do projeto em andamento “Flora do Espírito Santo”, que visa publicar<br/>monografias de famílias botânicas que ocorrem no estado brasileiro do Espírito<br/>Santo. Aqui, fornecemos descrições morfológicas atualizadas para as duas espécies<br/>de Lacistemataceae que ocorrem no estado: Lacistema robustum e L. serrulatum,<br/>sendo esta última uma nova ocorrência para o estado. Também, fornecemos<br/>ilustrações, um mapa de registros de ocorrência e uma chave de identificação.<br/><br/>Palavras-chave:<br/>• Floresta Atlântica<br/>• Lacistema<br/>• Malpighiales
650 ## - ASSUNTO - THESAGRO
Cabeçalho tópico ou nome geográfico FLORESTA ATLÂNTICA
650 ## - ASSUNTO - THESAGRO
Cabeçalho tópico ou nome geográfico LACISTEMATACEAE
650 ## - ASSUNTO - THESAGRO
Cabeçalho tópico ou nome geográfico TAXONOMIA
650 ## - ASSUNTO - THESAGRO
Cabeçalho tópico ou nome geográfico ESPÍRITO SANTO
773 0# - ENTRADA ANALÍTICA
Host Biblionumber 709
Registro do item 360062
Imprenta Rio de Janeiro-RJ Jardim Botanico do Rio de Janeiro 1935
Outro identificador 2026-0452
Título Rodriguésia (Brazil)
ISSN 0370-6583; 2175-7860 on-line
Colação v. 76 p. 1-7; (2025)
Número de controle de registro BR2025007540
856 ## - ACESSO E ENDEREÇO ELETRÔNICO
Identificador uniforme de recurso - URI https://www.scielo.br/j/rod/a/hRdRMqVYp6fkNf4N4nXdLdh/?format=pdf&lang=en

Nenhum exemplar disponível.

BINAGRI

Telefone: (61)3218-2567/2388/3357/2097 - binagri@agro.gov.br

Ministério da Agricultura e Pecuária , Esplanada dos Ministérios, Bloco D, Anexo B, Brasília/DF, CEP: 70.043-900